Statistics for "A" Synonyms

Click here to take the quiz!

General Stats

  • This quiz has been taken 124 times
    (109 since last reset)
  • The average score is 9 of 20

Answer Stats

WordA Synonym% Correct
Grown-upAdult
100%
ForeverAlways
75%
HelpAid / Assist
71%
InquireAsk
70%
OverheadAbove
63%
ScaredAfraid
57%
IncreaseAdd
47%
FollowingAfter
47%
DreadfulAwful
47%
NoviceAmateur / Apprentice
42%
SufficientAmple / Abundant / Adequate
40%
GenuineAuthentic / Actual
34%
EndorseApprove / Accept
25%
OrdinaryAverage
25%
CorrectAccurate
20%
FakeArtificial
20%
ShortenAbbreviate
18%
ClumsyAwkward
18%
DesertAbandon
16%
Stuck UpArrogant
16%

Score Distribution

Percentile by Number Answered

Percent of People with Each Score

Your Score History

You have not taken this quiz since the last reset